00422nam a2200133Ia 4500008004100000082001900041100002600060245003900086260002600125300001000151942001200161999001900173952009600192210430s9999 xx 000 0 und d a491.425 S5241P aSafdar Ali Shah91544 aPunjabi Grammar /cSafdar Ali Shah aNUSTbIslamabadc2015 a167p. cBK2ddc c565503d565503 00104070aSCMEbSCMEd0005-10-16l0o491.425 S5241PpSCME- D4r2021-04-30w2021-04-30yBK